| 000 | 00457nam a2200169Ia 4500 | ||
|---|---|---|---|
| 003 | GCL | ||
| 008 | 140319s9999 xx 000 0 eng d | ||
| 040 |
_aGCL / _cGCL |
||
| 082 | 0 | 4 |
_a338.9 _bO I |
| 100 | 1 | _aCAMPOS, MAURICIO DE MARIA | |
| 245 | 1 | 0 |
_aINDUSTRIAL DEVELOPMENT / _cCAMPOS, MAURICIO DE MARIA |
| 260 |
_a[S.N] : _bOXFORD UNIVERSITY PRESS ، _c1995 |
||
| 300 | _a242 P P | ||
| 650 | 0 | 4 | _aINDUSTRIALIZATION |
| 650 | 0 | 4 | _aECONOMIC |
| 942 |
_2ddc _cBK |
||
| 999 |
_c11963 _d11963 |
||